| 000 | 00400nam a2200145Ia 4500 | ||
|---|---|---|---|
| 008 | 230917s9999||||xx |||||||||||||| ||und|| | ||
| 040 |
_e64366 _aMAIN |
||
| 041 | _aEnglish | ||
| 082 | _a320.509 D922H | ||
| 100 | _aDunning, William Archibald | ||
| 245 | 0 | _aHistory of political theories: Ancient and Medieval | |
| 260 |
_aAllahabad _bCentral Book Depot _c1966 |
||
| 300 | _axxv, 360 p. | ||
| 942 | _cBK | ||
| 999 |
_c63424 _d63424 |
||